Statistics for Actors in the MCU

Click here to take the quiz!

General Stats

  • This quiz has been taken 64 times
  • The average score is 18 of 22

Answer Stats

CharacterActor% Correct
Captain AmericaChris Evans
100%
ThorChris Hemsworth
100%
Iron ManRobert Downey Jr
100%
Black WidowScarlett Johansson
100%
HulkMark Ruffalo
92%
Nick FurySamuel L Jackson
92%
The newest SpidermanTom Holland
92%
HawkeyeJeremy Renner
90%
Star LordChris Pratt
86%
Spiderman from the original trilogyTobey Maguire
86%
Doctor StrangeBenedict Cumberbatch
84%
The Amazing SpidermanAndrew Garfield
82%
Winter SoldierSebastian Stan
82%
Captain MarvelBrie Larson
80%
FalconAnthony Mackie
76%
War MachineDon Cheadle
75%
Ant-ManPaul Rudd
73%
GrootVin Diesel
71%
Black PantherChadwick Boseman
63%
Rocket RacoonBradley Cooper
53%
DraxDave Bautista
45%
GamoraZoe Saldana
45%

Score Distribution

Percentile by Number Answered

Percent of People with Each Score

Your Score History

You have not taken this quiz